| 000 | 00632nam a2200181Ia 4500 | ||
|---|---|---|---|
| 005 | 20260429112234.0 | ||
| 008 | 260429s9999||||xx |||||||||||||| ||und|| | ||
| 020 | _a8177142739 | ||
| 041 | _aHindi | ||
| 082 |
_a305.42 _bGUP |
||
| 100 | _aगुप्ता, सरोज कुमार | ||
| 245 | 0 |
_aभारतीय नारी : _bकल, आज और कल / _cसरोज कुमार गुप्ता |
|
| 250 | _arev. | ||
| 260 |
_aनई दिल्ली : _bप्रकाशन संस्थान, _c2022. |
||
| 300 | _a368 p.; Hb | ||
| 650 | _aस्त्री विमर्श | ||
| 942 | _cTB | ||
| 999 |
_c53057 _d53057 |
||